000
00216 a2200097 4500
001
12840
100
_a
Suganthi,L
245
_a
Total Quality Management
260
_a
_b
Prentic,Hall of India
_c
090
_c
9823
_d
9823
942
_a
NUST-CAE
_c
M
_c
36737
999
_c
247913
_d
247913